[Event "Blitz 2018"]
[Site "Saint-Petersburg"]
[Date "2018.12.29"]
[Round "6"]
[Board "58"]
[White "Tsydypov Zhamsaran (RUS)"]
[Black "Gutenev Alexander (RUS)"]
[Result "1-0"]
[LiveChessVersion "1.4.8"]
[BlackElo "2419"]
[WhiteElo "2573"]

1. e4 {[%clk 0:03:02]} c5 {[%clk 0:03:04]} 2. Nf3 {[%clk 0:03:03]} Nc6
{[%clk 0:03:05]} 3. d4 {[%clk 0:03:02]} cxd4 {[%clk 0:03:06]} 4. Nxd4
{[%clk 0:03:03]} Nf6 {[%clk 0:03:07]} 5. Nc3 {[%clk 0:03:04]} d6 {[%clk 0:03:08]}
6. Bg5 {[%clk 0:03:02]} e6 {[%clk 0:03:08]} 7. Qd2 {[%clk 0:03:02]} Be7
{[%clk 0:03:09]} 8. O-O-O {[%clk 0:03:00]} O-O {[%clk 0:03:10]} 9. f4
{[%clk 0:02:34]} Nxd4 {[%clk 0:03:09]} 10. Qxd4 {[%clk 0:02:36]} Qa5
{[%clk 0:03:11]} 11. Kb1 {[%clk 0:02:25]} Rd8 {[%clk 0:03:11]} 12. Qd2
{[%clk 0:02:16]} h6 {[%clk 0:02:33]} 13. Bxf6 {[%clk 0:02:00]} Bxf6
{[%clk 0:02:33]} 14. Nd5 {[%clk 0:02:01]} Qxd2 {[%clk 0:02:33]} 15. Nxf6+
{[%clk 0:02:02]} gxf6 {[%clk 0:02:34]} 16. Rxd2 {[%clk 0:02:03]} Kf8
{[%clk 0:02:04]} 17. Rd3 {[%clk 0:01:47]} b6 {[%clk 0:01:43]} 18. Rh3
{[%clk 0:01:47]} Kg7 {[%clk 0:01:35]} 19. Bd3 {[%clk 0:01:46]} Bb7
{[%clk 0:01:34]} 20. Re1 {[%clk 0:01:45]} Rac8 {[%clk 0:01:30]} 21. Ree3
{[%clk 0:01:44]} Rh8 {[%clk 0:01:28]} 22. Kc1 {[%clk 0:01:33]} Rc5
{[%clk 0:00:54]} 23. b4 {[%clk 0:01:27]} Rcc8 {[%clk 0:00:45]} 24. Rh5
{[%clk 0:01:26]} d5 {[%clk 0:00:41]} 25. e5 {[%clk 0:01:26]} f5 {[%clk 0:00:38]}
26. g4 {[%clk 0:01:21]} fxg4 {[%clk 0:00:35]} 27. Rg3 {[%clk 0:01:23]} Kf8
{[%clk 0:00:26]} 28. Rxg4 {[%clk 0:01:23]} d4 {[%clk 0:00:26]} 29. Rgh4
{[%clk 0:01:13]} Kg7 {[%clk 0:00:24]} 30. f5 {[%clk 0:01:14]} exf5
{[%clk 0:00:25]} 31. Rxf5 {[%clk 0:01:15]} Bd5 {[%clk 0:00:19]} 32. Kb2
{[%clk 0:01:13]} Be6 {[%clk 0:00:20]} 33. Rff4 {[%clk 0:01:10]} h5
{[%clk 0:00:17]} 34. Rxd4 {[%clk 0:01:10]} a5 {[%clk 0:00:16]} 35. b5
{[%clk 0:01:10]} Rc5 {[%clk 0:00:17]} 36. Rd6 {[%clk 0:01:05]} Rxe5
{[%clk 0:00:12]} 37. Rxb6 {[%clk 0:01:07]} Rc8 {[%clk 0:00:10]} 38. Ra6
{[%clk 0:01:02]} Bg4 {[%clk 0:00:06]} 39. h3 {[%clk 0:00:56]} Be2
{[%clk 0:00:07]} 40. Rc6 {[%clk 0:00:44]} Rb8 {[%clk 0:00:05]} 41. Bxe2
{[%clk 0:00:39]} Rxe2 {[%clk 0:00:07]} 42. Rxh5 {[%clk 0:00:41]} Rd8
{[%clk 0:00:07]} 43. b6 {[%clk 0:00:35]} Re4 {[%clk 0:00:07]} 44. Rxa5
{[%clk 0:00:33]} Rb4+ {[%clk 0:00:07]} 45. Ka3 {[%clk 0:00:29]} Rb1
{[%clk 0:00:08]} 46. Rg5+ {[%clk 0:00:21]} Kf8 {[%clk 0:00:09]} 47. Rg4
{[%clk 0:00:18]} f5 {[%clk 0:00:10]} 48. Rf6+ {[%clk 0:00:07]} Ke7 49. Rxf5 Rxb6
{[%clk 0:00:11]} 50. Re4+ {[%clk 0:00:10]} Kd6 {[%clk 0:00:08]} 51. Rd4+
{[%clk 0:00:11]} Kc7 {[%clk 0:00:08]} 52. Rc5+ {[%clk 0:00:12]} 1-0

[Event "Blitz 2018"]
[Site "Saint-Petersburg"]
[Date "2018.12.29"]
[Round "6"]
[Board "59"]
[White "Danielyan Vahe (ARM)"]
[Black "Demchenko Anton (RUS)"]
[Result "0-1"]
[LiveChessVersion "1.4.8"]
[BlackElo "2572"]
[WhiteElo "2417"]

1. e4 {[%clk 0:03:03]} e5 {[%clk 0:03:04]} 2. Nf3 Nc6 3. Nc3 {[%clk 0:03:05]} Nf6
{[%clk 0:03:05]} 4. Be2 {[%clk 0:03:07]} g6 {[%clk 0:03:02]} 5. O-O Bg7 6. d3
{[%clk 0:03:03]} d6 {[%clk 0:03:04]} 7. Bg5 {[%clk 0:03:03]} h6 {[%clk 0:03:05]}
8. Be3 {[%clk 0:03:04]} O-O {[%clk 0:03:02]} 9. h3 {[%clk 0:03:05]} d5
{[%clk 0:02:51]} 10. exd5 {[%clk 0:03:06]} Nxd5 {[%clk 0:02:52]} 11. Nxd5
{[%clk 0:03:07]} Qxd5 {[%clk 0:02:53]} 12. Nd2 {[%clk 0:02:53]} Nd4
{[%clk 0:02:38]} 13. Bxd4 {[%clk 0:02:46]} Qxd4 {[%clk 0:02:39]} 14. Rb1
{[%clk 0:02:45]} Be6 {[%clk 0:02:39]} 15. Nb3 {[%clk 0:02:45]} Qd6
{[%clk 0:02:38]} 16. Re1 {[%clk 0:02:43]} Rad8 {[%clk 0:02:38]} 17. Bf3
{[%clk 0:02:31]} b6 {[%clk 0:02:39]} 18. Qe2 {[%clk 0:02:31]} Rfe8
{[%clk 0:02:37]} 19. Rbd1 {[%clk 0:02:30]} f5 {[%clk 0:02:33]} 20. c3
{[%clk 0:02:16]} a5 {[%clk 0:02:26]} 21. d4 {[%clk 0:02:16]} e4 {[%clk 0:02:25]}
22. d5 {[%clk 0:02:07]} Bf7 {[%clk 0:02:17]} 23. Bxe4 {[%clk 0:02:03]} Rxe4
{[%clk 0:02:17]} 24. Qc2 {[%clk 0:02:01]} Rxe1+ {[%clk 0:02:16]} 25. Rxe1
{[%clk 0:02:02]} Qxd5 {[%clk 0:02:16]} 26. Nd4 {[%clk 0:02:00]} c5
{[%clk 0:02:05]} 27. Nf3 {[%clk 0:02:01]} Qxa2 {[%clk 0:01:58]} 28. Re7
{[%clk 0:01:59]} Qd5 {[%clk 0:01:54]} 29. Re1 {[%clk 0:01:50]} b5
{[%clk 0:01:54]} 30. h4 {[%clk 0:01:49]} b4 {[%clk 0:01:44]} 31. h5
{[%clk 0:01:45]} g5 {[%clk 0:01:46]} 32. c4 {[%clk 0:01:46]} Qxc4
{[%clk 0:01:36]} 33. Qxf5 {[%clk 0:01:47]} Qd5 {[%clk 0:01:36]} 34. Qc2
{[%clk 0:01:41]} Bxh5 {[%clk 0:01:32]} 35. Nh2 {[%clk 0:01:28]} c4
{[%clk 0:01:29]} 36. Nf1 {[%clk 0:01:28]} Bf7 {[%clk 0:01:27]} 37. Ne3
{[%clk 0:01:27]} Qe6 {[%clk 0:01:18]} 38. Ra1 {[%clk 0:01:18]} c3
{[%clk 0:01:07]} 39. bxc3 {[%clk 0:01:18]} bxc3 {[%clk 0:01:03]} 40. Rxa5
{[%clk 0:01:18]} Bg6 {[%clk 0:00:54]} 41. Qc1 {[%clk 0:01:12]} Kh7
{[%clk 0:00:54]} 42. Ra7 {[%clk 0:01:11]} Rd7 {[%clk 0:00:56]} 43. Ra8
{[%clk 0:01:06]} c2 {[%clk 0:00:54]} 44. Nxc2 {[%clk 0:01:05]} Qc6
{[%clk 0:00:41]} 45. Ra2 {[%clk 0:01:05]} Rc7 {[%clk 0:00:41]} 0-1

[Event "Blitz 2018"]
[Site "Saint-Petersburg"]
[Date "2018.12.29"]
[Round "6"]
[Board "60"]
[White "Shubin Kirill (RUS)"]
[Black "Moiseenko Vadim (RUS)"]
[Result "0-1"]
[LiveChessVersion "1.4.8"]
[BlackElo "2560"]
[WhiteElo "2398"]

1. e4 {[%clk 0:03:03]} e5 {[%clk 0:03:04]} 2. Nf3 {[%clk 0:03:03]} Nc6
{[%clk 0:03:05]} 3. Bb5 {[%clk 0:03:02]} a6 {[%clk 0:03:06]} 4. Ba4
{[%clk 0:03:04]} b5 {[%clk 0:03:07]} 5. Bb3 {[%clk 0:03:05]} Na5 {[%clk 0:03:09]}
6. Nc3 {[%clk 0:02:43]} d6 {[%clk 0:03:03]} 7. O-O {[%clk 0:02:35]} Bb7
{[%clk 0:03:01]} 8. d3 {[%clk 0:02:20]} Nf6 {[%clk 0:02:52]} 9. Ne2
{[%clk 0:02:11]} g6 {[%clk 0:02:49]} 10. c3 {[%clk 0:02:07]} Nxb3
{[%clk 0:02:46]} 11. axb3 {[%clk 0:02:06]} Bg7 {[%clk 0:02:46]} 12. b4
{[%clk 0:02:01]} O-O {[%clk 0:02:46]} 13. h3 {[%clk 0:01:53]} d5 {[%clk 0:02:46]}
14. exd5 {[%clk 0:01:49]} Qxd5 {[%clk 0:02:47]} 15. Be3 {[%clk 0:01:34]} Rad8
{[%clk 0:02:47]} 16. Ne1 {[%clk 0:01:14]} Qc6 {[%clk 0:02:11]} 17. Qc2
{[%clk 0:01:01]} Rd7 {[%clk 0:02:01]} 18. Nc1 {[%clk 0:00:33]} Rfd8
{[%clk 0:01:50]} 19. Bg5 {[%clk 0:00:17]} h6 {[%clk 0:01:38]} 20. Bxf6
{[%clk 0:00:16]} Bxf6 {[%clk 0:01:35]} 21. f3 {[%clk 0:00:17]} Bg5
{[%clk 0:01:22]} 22. Qe2 {[%clk 0:00:13]} Qe6 {[%clk 0:01:07]} 23. Na2
{[%clk 0:00:05]} Bf4 {[%clk 0:01:03]} 24. Qf2 {[%clk 0:00:04]} h5
{[%clk 0:01:01]} 25. g3 {[%clk 0:00:04]} Bh6 {[%clk 0:00:52]} 26. h4
{[%clk 0:00:05]} Qh3 {[%clk 0:00:47]} 27. Nc1 {[%clk 0:00:04]} Bd5
{[%clk 0:00:36]} 28. Ne2 {[%clk 0:00:04]} Bb7 {[%clk 0:00:31]} 29. Nc1
{[%clk 0:00:05]} Rd6 {[%clk 0:00:31]} 30. Rb1 {[%clk 0:00:05]} g5
{[%clk 0:00:31]} 31. hxg5 Bxg5 {[%clk 0:00:32]} 32. Ne2 {[%clk 0:00:04]} Rg6
{[%clk 0:00:32]} 33. Nc2 {[%clk 0:00:04]} Rxd3 {[%clk 0:00:31]} 34. Qg2
{[%clk 0:00:03]} Qxg2+ {[%clk 0:00:28]} 35. Kxg2 {[%clk 0:00:05]} Rd2
{[%clk 0:00:29]} 0-1

[Event "Blitz 2018"]
[Site "Saint-Petersburg"]
[Date "2018.12.29"]
[Round "6"]
[Board "61"]
[White "Tsoi Dmitry (RUS)"]
[Black "Frolyanov Dmitry (RUS)"]
[Result "1/2-1/2"]
[LiveChessVersion "1.4.8"]
[BlackElo "2557"]
[WhiteElo "2387"]

1. e4 {[%clk 0:03:03]} c5 {[%clk 0:03:03]} 2. Be2 {[%clk 0:03:04]} Nc6
{[%clk 0:03:02]} 3. f4 {[%clk 0:03:05]} g6 {[%clk 0:02:57]} 4. Nf3
{[%clk 0:03:05]} Bg7 {[%clk 0:02:57]} 5. d3 {[%clk 0:03:06]} Nf6 {[%clk 0:02:55]}
6. O-O {[%clk 0:03:05]} O-O {[%clk 0:02:55]} 7. c3 {[%clk 0:03:06]} b5
{[%clk 0:02:47]} 8. Qe1 {[%clk 0:02:54]} Bb7 {[%clk 0:02:48]} 9. Nbd2
{[%clk 0:02:39]} b4 {[%clk 0:02:40]} 10. e5 {[%clk 0:02:36]} Nd5 {[%clk 0:02:37]}
11. Ne4 {[%clk 0:02:37]} bxc3 {[%clk 0:02:33]} 12. bxc3 {[%clk 0:02:36]} d6
{[%clk 0:02:22]} 13. Qh4 {[%clk 0:02:32]} Bc8 {[%clk 0:01:20]} 14. g4
{[%clk 0:02:11]} f5 {[%clk 0:00:52]} 15. exf6 {[%clk 0:01:49]} Nxf6
{[%clk 0:00:53]} 16. f5 {[%clk 0:01:23]} gxf5 {[%clk 0:00:48]} 17. gxf5
{[%clk 0:01:24]} Bxf5 {[%clk 0:00:47]} 18. Nfg5 {[%clk 0:01:25]} Qd7
{[%clk 0:00:33]} 19. Be3 {[%clk 0:00:26]} Ne5 {[%clk 0:00:33]} 20. d4
{[%clk 0:00:16]} cxd4 {[%clk 0:00:33]} 21. cxd4 {[%clk 0:00:18]} Nxe4
{[%clk 0:00:28]} 22. dxe5 {[%clk 0:00:13]} Nxg5 {[%clk 0:00:26]} 23. Qxg5
{[%clk 0:00:13]} dxe5 {[%clk 0:00:25]} 24. Rad1 {[%clk 0:00:11]} Qe6
{[%clk 0:00:26]} 25. Rc1 Kh8 {[%clk 0:00:26]} 26. Bc4 {[%clk 0:00:08]} Qg6
{[%clk 0:00:27]} 27. Qxg6 {[%clk 0:00:08]} Bxg6 {[%clk 0:00:28]} 28. Bd5
{[%clk 0:00:09]} Rxf1+ {[%clk 0:00:27]} 29. Rxf1 {[%clk 0:00:08]} Rd8
{[%clk 0:00:29]} 30. Bg2 {[%clk 0:00:06]} a6 {[%clk 0:00:30]} 31. Rc1
{[%clk 0:00:07]} Bd3 {[%clk 0:00:30]} 32. Bb6 {[%clk 0:00:07]} Rb8
{[%clk 0:00:30]} 33. Ba7 {[%clk 0:00:09]} Rf8 {[%clk 0:00:30]} 34. Rc7
{[%clk 0:00:08]} Bf6 {[%clk 0:00:25]} 35. Bc5 {[%clk 0:00:08]} Rg8
{[%clk 0:00:19]} 36. Kh1 {[%clk 0:00:05]} e4 {[%clk 0:00:16]} 37. Bxe7
{[%clk 0:00:05]} Bxe7 {[%clk 0:00:13]} 38. Rxe7 {[%clk 0:00:06]} Rb8
{[%clk 0:00:12]} 39. Bxe4 {[%clk 0:00:06]} Rb1+ {[%clk 0:00:12]} 40. Kg2
{[%clk 0:00:07]} Bxe4+ {[%clk 0:00:13]} 41. Rxe4 {[%clk 0:00:08]} Rb2+
{[%clk 0:00:14]} 42. Kg3 {[%clk 0:00:10]} Rxa2 {[%clk 0:00:15]} 43. Re7
{[%clk 0:00:11]} Kg8 {[%clk 0:00:16]} 44. Ra7 {[%clk 0:00:12]} a5
{[%clk 0:00:17]} 45. h4 {[%clk 0:00:11]} h6 {[%clk 0:00:17]} 46. Kg4
{[%clk 0:00:11]} 1/2-1/2

[Event "Blitz 2018"]
[Site "Saint-Petersburg"]
[Date "2018.12.29"]
[Round "6"]
[Board "62"]
[White "Salem A.R. Saleh (UAE)"]
[Black "Sharma Dinesh K. (IND)"]
[Result "1-0"]
[LiveChessVersion "1.4.8"]
[BlackElo "2383"]
[WhiteElo "2645"]

1. d4 {[%clk 0:03:03]} d5 {[%clk 0:03:03]} 2. c4 {[%clk 0:03:05]} c6
{[%clk 0:03:04]} 3. Nf3 {[%clk 0:03:06]} Nf6 {[%clk 0:03:05]} 4. Nc3
{[%clk 0:03:08]} dxc4 {[%clk 0:03:05]} 5. e4 {[%clk 0:03:09]} b5 {[%clk 0:03:02]}
6. Be2 {[%clk 0:03:09]} a6 {[%clk 0:02:57]} 7. O-O {[%clk 0:03:09]} e6
{[%clk 0:02:56]} 8. e5 {[%clk 0:03:05]} Nd5 {[%clk 0:02:57]} 9. Ne4
{[%clk 0:03:06]} h6 {[%clk 0:02:57]} 10. Bd2 {[%clk 0:03:06]} Be7
{[%clk 0:02:55]} 11. b3 {[%clk 0:03:07]} cxb3 {[%clk 0:02:52]} 12. Qxb3
{[%clk 0:03:09]} Bb7 {[%clk 0:02:45]} 13. Ne1 {[%clk 0:03:09]} c5
{[%clk 0:02:35]} 14. dxc5 {[%clk 0:03:06]} Nd7 {[%clk 0:02:23]} 15. Qg3
{[%clk 0:03:03]} Kf8 {[%clk 0:02:14]} 16. Nd3 {[%clk 0:02:59]} Bh4
{[%clk 0:01:46]} 17. Qh3 {[%clk 0:02:55]} Nf4 {[%clk 0:01:41]} 18. Bxf4
{[%clk 0:02:33]} Bxe4 {[%clk 0:01:41]} 19. Rfd1 {[%clk 0:02:34]} Be7
{[%clk 0:01:35]} 20. Bf3 {[%clk 0:02:27]} Bxf3 {[%clk 0:01:24]} 21. Qxf3
{[%clk 0:02:28]} Rc8 {[%clk 0:01:23]} 22. c6 {[%clk 0:02:29]} Nb6
{[%clk 0:01:23]} 23. Nc5 {[%clk 0:01:34]} Nd5 {[%clk 0:01:21]} 24. Nd7+
{[%clk 0:01:23]} Kg8 {[%clk 0:01:22]} 25. Rxd5 {[%clk 0:01:24]} exd5
{[%clk 0:01:22]} 26. Qxd5 {[%clk 0:01:25]} Qe8 {[%clk 0:00:58]} 27. Re1
{[%clk 0:01:19]} Bb4 {[%clk 0:00:55]} 28. Re4 {[%clk 0:01:17]} Qe6
{[%clk 0:00:42]} 29. Qxe6 {[%clk 0:01:04]} fxe6 {[%clk 0:00:43]} 30. Rxb4
{[%clk 0:01:05]} Rxc6 {[%clk 0:00:43]} 31. Be3 {[%clk 0:01:04]} Kf7
{[%clk 0:00:40]} 32. Nc5 {[%clk 0:00:31]} Rhc8 {[%clk 0:00:40]} 33. Nb3
{[%clk 0:00:28]} Rc4 {[%clk 0:00:36]} 34. Rxc4 {[%clk 0:00:27]} Rxc4
{[%clk 0:00:34]} 35. g3 {[%clk 0:00:08]} Rc2 {[%clk 0:00:33]} 36. Nc1
{[%clk 0:00:08]} a5 {[%clk 0:00:32]} 37. Kf1 {[%clk 0:00:07]} b4 {[%clk 0:00:33]}
38. Ke1 {[%clk 0:00:09]} a4 {[%clk 0:00:33]} 39. Kd1 {[%clk 0:00:10]} Rb2
{[%clk 0:00:31]} 40. Bd4 {[%clk 0:00:11]} a3 {[%clk 0:00:25]} 41. Bxb2
{[%clk 0:00:07]} axb2 {[%clk 0:00:25]} 42. Kc2 {[%clk 0:00:09]} bxc1=Q+
{[%clk 0:00:11]} 43. Kxc1 {[%clk 0:00:10]} Kg6 {[%clk 0:00:11]} 44. Kc2
{[%clk 0:00:12]} 1-0

[Event "Blitz 2018"]
[Site "Saint-Petersburg"]
[Date "2018.12.29"]
[Round "6"]
[Board "63"]
[White "Potkin Vladimir (RUS)"]
[Black "Jones Gawain C B (ENG)"]
[Result "0-1"]
[LiveChessVersion "1.4.8"]
[BlackElo "2722"]
[WhiteElo "2494"]

1. e4 {[%clk 0:03:03]} c5 {[%clk 0:03:03]} 2. Nf3 {[%clk 0:03:01]} d6
{[%clk 0:03:05]} 3. Bb5+ {[%clk 0:03:02]} Bd7 {[%clk 0:03:06]} 4. Bxd7+
{[%clk 0:03:01]} Qxd7 {[%clk 0:03:07]} 5. O-O {[%clk 0:03:00]} Nf6
{[%clk 0:03:08]} 6. Re1 {[%clk 0:03:01]} g6 {[%clk 0:03:09]} 7. c3
{[%clk 0:03:00]} Bg7 {[%clk 0:03:09]} 8. d4 {[%clk 0:03:01]} Nc6 {[%clk 0:03:06]}
9. d5 {[%clk 0:02:51]} Ne5 {[%clk 0:02:59]} 10. Nxe5 {[%clk 0:02:51]} dxe5
{[%clk 0:03:00]} 11. c4 {[%clk 0:02:51]} O-O {[%clk 0:02:54]} 12. Nc3
{[%clk 0:02:51]} Ne8 {[%clk 0:02:53]} 13. Be3 {[%clk 0:02:52]} b6
{[%clk 0:02:52]} 14. a3 {[%clk 0:02:43]} Nd6 {[%clk 0:02:51]} 15. Qd3
{[%clk 0:02:44]} Rac8 {[%clk 0:02:46]} 16. Rab1 {[%clk 0:02:13]} Rc7
{[%clk 0:02:36]} 17. f4 {[%clk 0:01:43]} exf4 {[%clk 0:02:11]} 18. Bxf4
{[%clk 0:01:44]} Bd4+ {[%clk 0:02:12]} 19. Kh1 {[%clk 0:01:39]} e5
{[%clk 0:02:09]} 20. Bh6 {[%clk 0:01:31]} Rfc8 {[%clk 0:01:48]} 21. Ne2
{[%clk 0:01:28]} f5 {[%clk 0:01:36]} 22. exf5 {[%clk 0:00:31]} Qxf5
{[%clk 0:01:25]} 23. Qxf5 {[%clk 0:00:31]} Nxf5 {[%clk 0:01:23]} 24. Bg5
{[%clk 0:00:31]} e4 {[%clk 0:01:12]} 25. Nxd4 {[%clk 0:00:24]} cxd4
{[%clk 0:01:11]} 26. Rxe4 {[%clk 0:00:25]} Rxc4 {[%clk 0:01:11]} 27. g4
{[%clk 0:00:23]} Nd6 {[%clk 0:01:06]} 28. Re6 {[%clk 0:00:24]} Nf7
{[%clk 0:01:06]} 29. Bf4 {[%clk 0:00:20]} d3 {[%clk 0:01:06]} 30. Bg3
{[%clk 0:00:18]} Rc1+ {[%clk 0:01:05]} 31. Rxc1 {[%clk 0:00:03]} Rxc1+
{[%clk 0:01:06]} 32. Kg2 {[%clk 0:00:03]} d2 {[%clk 0:01:07]} 33. Re8+
{[%clk 0:00:04]} Kg7 {[%clk 0:01:08]} 0-1

[Event "Blitz 2018"]
[Site "Saint-Petersburg"]
[Date "2018.12.29"]
[Round "6"]
[Board "64"]
[White "Eliseev Alexei (RUS)"]
[Black "Khismatullin Denis (RUS)"]
[Result "0-1"]
[LiveChessVersion "1.4.8"]
[BlackElo "2674"]
[WhiteElo "2486"]

1. b3 {[%clk 0:03:02]} e5 {[%clk 0:03:00]} 2. Bb2 {[%clk 0:03:03]} Nc6
{[%clk 0:03:01]} 3. e3 {[%clk 0:03:03]} g6 {[%clk 0:03:02]} 4. c4
{[%clk 0:03:00]} Bg7 {[%clk 0:03:02]} 5. Nf3 {[%clk 0:03:00]} d6 {[%clk 0:02:49]}
6. d4 {[%clk 0:02:58]} Nh6 {[%clk 0:02:30]} 7. dxe5 {[%clk 0:02:51]} O-O
{[%clk 0:02:27]} 8. Be2 {[%clk 0:02:47]} dxe5 {[%clk 0:02:25]} 9. Qxd8
{[%clk 0:02:47]} Rxd8 {[%clk 0:02:26]} 10. O-O {[%clk 0:01:42]} e4
{[%clk 0:01:49]} 11. Bxg7 {[%clk 0:01:40]} Kxg7 {[%clk 0:01:50]} 12. Nfd2
{[%clk 0:01:32]} f5 {[%clk 0:01:32]} 13. a3 {[%clk 0:01:31]} a5 {[%clk 0:01:23]}
14. Ra2 {[%clk 0:01:29]} Be6 {[%clk 0:01:23]} 15. Nc3 {[%clk 0:01:30]} Rd7
{[%clk 0:01:12]} 16. f4 {[%clk 0:01:04]} Rad8 {[%clk 0:00:39]} 17. Rd1
{[%clk 0:01:01]} Ng8 {[%clk 0:00:39]} 18. Ndb1 {[%clk 0:00:58]} Rxd1+
{[%clk 0:00:36]} 19. Nxd1 {[%clk 0:00:59]} a4 {[%clk 0:00:30]} 20. Rd2
{[%clk 0:00:42]} axb3 {[%clk 0:00:24]} 21. Rxd8 {[%clk 0:00:43]} Nxd8
{[%clk 0:00:25]} 22. Nd2 {[%clk 0:00:45]} Nf6 {[%clk 0:00:20]} 23. Nxb3
{[%clk 0:00:46]} Nd7 {[%clk 0:00:21]} 24. Nb2 {[%clk 0:00:41]} Kf6
{[%clk 0:00:20]} 25. Kf2 {[%clk 0:00:43]} b6 {[%clk 0:00:21]} 26. h3
{[%clk 0:00:43]} Nb7 {[%clk 0:00:21]} 27. g4 {[%clk 0:00:40]} h6 {[%clk 0:00:21]}
28. Kg3 {[%clk 0:00:35]} Ndc5 {[%clk 0:00:16]} 29. Nxc5 {[%clk 0:00:35]} Nxc5
{[%clk 0:00:18]} 30. Kf2 {[%clk 0:00:27]} Nb3 {[%clk 0:00:16]} 31. Ke1
{[%clk 0:00:19]} Ke7 {[%clk 0:00:11]} 32. g5 {[%clk 0:00:16]} hxg5
{[%clk 0:00:09]} 33. fxg5 {[%clk 0:00:18]} Kd6 {[%clk 0:00:10]} 34. Kf2
{[%clk 0:00:16]} Ke5 {[%clk 0:00:10]} 35. Kg3 {[%clk 0:00:17]} Nc1
{[%clk 0:00:10]} 36. Bf1 {[%clk 0:00:17]} Nb3 {[%clk 0:00:07]} 37. h4
{[%clk 0:00:18]} Bf7 {[%clk 0:00:08]} 38. Be2 {[%clk 0:00:19]} Nd2
{[%clk 0:00:07]} 39. Bd1 {[%clk 0:00:04]} Bxc4 {[%clk 0:00:05]} 40. h5
{[%clk 0:00:04]} gxh5 {[%clk 0:00:06]} 41. Bxh5 {[%clk 0:00:06]} Bg8
{[%clk 0:00:07]} 42. Be2 {[%clk 0:00:06]} c5 {[%clk 0:00:06]} 43. Kh4 c4
{[%clk 0:00:06]} 44. Nd1 {[%clk 0:00:07]} Nb1 {[%clk 0:00:07]} 45. a4
{[%clk 0:00:08]} c3 {[%clk 0:00:08]} 46. Nxc3 {[%clk 0:00:07]} Nxc3
{[%clk 0:00:09]} 47. Bf1 {[%clk 0:00:09]} Bf7 {[%clk 0:00:10]} 0-1